Central Library OPAC University of Rajshahi

Pakistan's foreign policy : (Record no. 2009)

MARC details
000 -LEADER
fixed length control field 00680nam a2200241 a 4500
001 - CONTROL NUMBER
control field 2009
003 - CONTROL NUMBER IDENTIFIER
rucl marc code BD-RjUL
005 - DATE AND TIME OF LATEST TRANSACTION
control field 20211208233449.0
008 - FIXED-LENGTH DATA ELEMENTS--GENERAL INFORMATION
fixed length control field 131210s1973 enk 001 0 eng d
020 ## - INTERNATIONAL STANDARD BOOK NUMBER
International Standard Book Number 0192151797
035 ## - SYSTEM CONTROL NUMBER
System control number (BD-RjUL)2036
040 ## - CATALOGING SOURCE
Original cataloging agency BD-RjUL
Language of cataloging eng
Transcribing agency BD-RjUL
041 ## - LANGUAGE CODE
Language code of text/sound track or separate title eng
082 04 - DEWEY DECIMAL CLASSIFICATION NUMBER
Edition number 16
Classification number 327.547
Author mark and year BUP 1973
100 1# - MAIN ENTRY--PERSONAL NAME
Personal name Burke, S. M.
9 (RLIN) 6597
245 10 - TITLE STATEMENT
Title Pakistan's foreign policy :
Remainder of title an historical analysis /
Statement of responsibility, etc. S. M. Burke
260 ## - PUBLICATION, DISTRIBUTION, ETC. (IMPRINT)
Place of publication, distribution, etc. Oxford University Press :
Name of publisher, distributor, etc. London,
Date of publication, distribution, etc. 1973.
300 ## - PHYSICAL DESCRIPTION
Pagination ix, 432 p. ;
Size 22 cm
504 ## - BIBLIOGRAPHY, ETC. NOTE
Bibliography, etc Includes index.
651 #0 - SUBJECT ADDED ENTRY--GEOGRAPHIC NAME
Geographic name Pakistan
General subdivision Foreign relations
9 (RLIN) 6598
942 ## - ADDED ENTRY ELEMENTS (KOHA)
Source of classification or shelving scheme Dewey Decimal Classification
Koha item type Books
Holdings
Lost status Source of classification or shelving scheme Damaged status Not for loan Collection code Permanent Location Current Location Shelving location Date acquired Source of acquisition Cost, normal purchase price Total Checkouts Full call number Date last seen Copy number Koha item type
  Dewey Decimal Classification     Non-fiction Central Library, University of Rajshahi Central Library, University of Rajshahi   01/04/1974 Oxford University press 15.20   327.547 BUP 1973 10/12/2013 C-2 Books
  Dewey Decimal Classification     Non-fiction Central Library, University of Rajshahi Central Library, University of Rajshahi   01/04/1974 Oxford University press, 15.20   327.547 BUP 1973 09/06/2016 C-3 Books
  Dewey Decimal Classification     Non-fiction Central Library, University of Rajshahi Central Library, University of Rajshahi   08/04/1976 Oxford University press, 252.00   327.547 BUP 1973 09/06/2016 C-4 Books